000 00413nam a2200181Ia 4500
001 568
005 20260306140527.0
008 260306t1994||||xx |||||||||||||| ||spa||
041 _aESP
082 _a128
_bCH572
100 _aChoza, Jacinto, 1944-
_eAUT
245 0 _aLos otros humanismos
260 _c1994
300 _a211 páginas :
_c18 cm.
650 _aGEN
654 _aCHU
942 _cLIB
_dJUS
_fJUS
_2ddc
_n
999 _c568
_d568